000 00464nam a2200181Ia 4500
001 25272
005 20260414151138.0
008 260414t2019||||xx |||||||||||||| ||spa||
041 _aESP
082 _a346.43
_bT75
100 _aTorres Vásquez, Aníbal
_eAUT
245 0 _aFormas de adquisición de la propiedad y propiedada predial
_b
260 _c2019
300 _a575 páginas :
_c25 cm.
650 _aDER
654 _aCDE
942 _cLIB
_dJUS
_fJUS
_2ddc
_n
999 _c25272
_d25272